| 000 | 00455nam a22001697a 4500 | ||
|---|---|---|---|
| 003 | CEME | ||
| 005 | 20210628205104.0 | ||
| 008 | 210224b xxu||||| |||| 00| 0 eng d | ||
| 020 | _a0-7923-9825-4 | ||
| 040 | _c. | ||
| 082 | _a621.3192 FAK'V | ||
| 100 |
_aSmith, K. C Fakhraie, S. M _973815 |
||
| 245 | _aVlsi compatiable implementations for artificial newural networks | ||
| 260 |
_aBOSTON _bKLUWER _c1997 |
||
| 300 | _aXXVII, 194P | ||
| 942 |
_cBK _2ddc |
||
| 999 |
_c579458 _d579458 |
||